Nuevo tratado práctico de fruticultura /
Guardado en:
| Autor Principal: | |
|---|---|
| Otros Autores: | |
| Formato: | Libro |
| Publicado: |
Barcelona :
Blume,
1976
|
| Edición: | 2a. ed. |
| Materias: | |
| Etiquetas: |
Agregar Etiqueta
Sin Etiquetas, Sea el primero en etiquetar este registro!
|
| LEADER | 01518nam a22002535a 4500 | ||
|---|---|---|---|
| 001 | CEM.cems016097 | ||
| 008 | 130507s1976##################000#0#####d | ||
| 005 | 20210914190455.0 | ||
| 003 | CEMS | ||
| 245 | 1 | 0 | |a Nuevo tratado práctico de fruticultura / |c Gabriel de Ravel D'esclapon y Raymond Ballot |
| 250 | |a 2a. ed. | ||
| 260 | |a Barcelona : |b Blume, |c 1976 | ||
| 300 | |a 535 p. | ||
| 505 | 0 | |a Creación de la arboleda frutícola -- La plantación -- La poda. Principios básicos -- Poda de formación -- La poda larga de los árboles frutales -- La poda de verano -- La multiplicación de los árboles frutales -- Los portainjertos de los árboles frutales -- Abonado de los árboles frutales -- Cuidados de la arboleda frutícola -- El desherbado químico de las plantaciones -- Las enfermedades de carencia -- La polinización -- El riego de las arboledas frutícolas -- La lucha contra las heladas -- recolección de los frutos -- La premaduración de peras y manzanas -- Conservación de frutos mediante el frío -- El albaricoquero -- El almendro -- El cerezo -- La higuera -- El frambueso -- El melocotonero -- El peral -- El manzano -- El ciruelo -- Parásitos comunes a diversas especies frutales | |
| 020 | |a 8470314483 | ||
| 100 | 1 | |a Ravel D'esclapon, Gabriel de | |
| 700 | 1 | |a Ballot, Raymond | |
| 082 | 0 | 4 | |a 634 |
| 653 | |a Agricultura | ||
| 653 | |a Fruticultura | ||
| 653 | |a Injertos frutales | ||
| 653 | |a Injertos | ||
| 653 | |a Poda-frutales | ||
| 859 | |a CEMS |b BIB. CEMS - Agricultura |h 634 |i R196a2 |p A7151.79 |t Ej.1 | ||
